Beatles songs by unusual lead guitarist - Statistics

General Stats
  • This quiz has been taken 53 times
  • The average score is 7 of 26
Answer Stats
Album Guitarist(s) Answer % Correct
The Beatles Eric Clapton While My Guitar Gently Weeps
73%
Abbey Road All 3 Beatles The End
50%
Revolver McCartney Taxman
48%
Sgt Pepper's Lonely Hearts Club Band McCartney Sgt Pepper's Lonely Hearts Club Band
44%
Let It Be Lennon Get Back
38%
The Beatles McCartney Back in the USSR
35%
Help! McCartney Ticket to Ride
33%
The Beatles Lennon (1st solo) Yer Blues
29%
The Beatles Lennon (with Harrison) Birthday
27%
A-side single Lennon The Ballad of John and Yoko
27%
Revolver McCartney (with Harrison) And Your Bird Can Sing
25%
Rubber Soul McCartney Drive My Car
25%
A-side single McCartney Paperback Writer
23%
The Beatles McCartney Why Don't We Do It in the Road ?
23%
Abbey Road Lennon (verses) I Want You (She's So Heavy)
21%
Rubber Soul Lennon (with Harrison) Nowhere Man
21%
A Hard Day's Night Lennon You Can't Do That
21%
Help! McCartney Another Girl
19%
B-side single Lennon (solo) Day Tripper
19%
The Beatles Lennon Honey Pie
19%
Help! McCartney (with Harrison) The Night Before
19%
Let It Be Lennon For You Blue
17%
Sgt Pepper's Lonely Hearts Club Band McCartney Good Morning Good Morning
17%
A-side single Lennon (with Harrison) I Feel Fine
17%
Yellow Submarine McCartney or Lennon It's All Too Much
17%
__ __ __ EP Lennon (1st solo) Long Tall Sally
17%
No matching quizzes found
Score Distribution
Percent of People with Each Score
Percentile by Number Answered
Your Score History
You have not taken this quiz